[Event "Buenos Aires Panno Memorial"]
[Site "Buenos Aires"]
[Date "2019.10.19"]
[Round "2"]
[White "Perez Wertheim, Rodolfo"]
[Black "Asprelli, Gaspar"]
[Result "0-1"]
[WhiteElo "1925"]
[BlackElo "1960"]
[PlyCount "124"]
[EventDate "2019.10.17"]
[EventType "tourn"]
[EventRounds "7"]
[EventCountry "ARG"]
[SourceTitle "CBM 192 Extra"]
[Source "Chessbase"]
[SourceDate "2019.11.06"]
[SourceVersion "1"]
[SourceVersionDate "2019.11.06"]
[SourceQuality "1"]

1. e4 c5 2. Nc3 Nc6 3. f4 g6 4. Bb5 Bg7 5. Nf3 e6 6. 0-0 Nge7 7. d3 0-0 8. g4 d5 9. e5 a6 10. Bxc6 Nxc6 11. g5 b5 12. d4 Bb7 13. Ne2 c4 14. Qe1 b4 15. Bd2 a5 16. c3 Qb6 17. Rb1 Rfb8 18. h4 Kf8 19. h5 Ke8 20. Qh4 Kd7 21. hxg6 hxg6 22. Qh7 Rg8 23. Ng3 Qd8 24. f5 gxf5 25. Nxf5 exf5 26. Qxf5+ Kc7 27. Qxf7+ Kb8 28. Nh4 Ka7 29. Nf5 Qf8 30. Qxd5 Nxe5 31. Qxa5+ Kb8 32. Qb5 Qd8 33. Bf4 Ra5 34. Qxa5 Qxa5 35. Nxg7 Rxg7 36. Bxe5+ Ka7 37. Rf5 Qb6 38. Bxg7 Qg6 39. Rbf1 Qxg7 40. R1f2 Qh7 41. Kf1 Qh3+ 42. Ke1 bxc3 43. bxc3 Qxc3+ 44. Rd2 Qe3+ 45. Kd1 Bf3+ 46. Rxf3 Qxf3+ 47. Kc2 Qf5+ 48. Kd1 Qxg5 49. Kc2 Kb6 50. d5 Qf5+ 51. Kc3 Kc5 52. d6 Qe5+ 53. Kc2 Qe4+ 54. Kc3 Qe3+ 55. Kc2 Qe4+ 56. Kc3 Qb1 57. d7 Qc1+ 58. Rc2 Qa3+ 59. Kd2 Qd3+ 60. Kc1 Qxd7 61. Kb2 Qd4+ 62. Kb1 c3 0-1

[Event "WchT Seniors 50"]
[Site "Rhodes"]
[Date "2019.04.19"]
[Round "4.4"]
[White "Perez Wertheim, Rodolfo"]
[Black "Fieandt, John"]
[Result "0-1"]
[WhiteElo "1914"]
[BlackElo "2151"]
[PlyCount "142"]
[EventDate "2019.04.16"]
[EventType "team-swiss"]
[EventRounds "9"]
[EventCountry "GRE"]
[SourceTitle "CBM 190 Extra"]
[Source "ChessBase"]
[SourceDate "2019.07.15"]
[SourceVersion "1"]
[SourceVersionDate "2019.07.15"]
[SourceQuality "1"]
[WhiteTeam "Argentina"]
[BlackTeam "Finland"]
[WhiteTeamCountry "ARG"]
[BlackTeamCountry "FIN"]

1. d4 Nf6 2. Nf3 g6 3. Bg5 Bg7 4. Nbd2 d6 5. e4 Nbd7 6. Bc4 Nb6 7. Bb3 h6 8. Bf4 a5 9. a4 g5 10. Bg3 Nh5 11. Ne5 dxe5 12. Qxh5 e6 13. dxe5 Qe7 14. f4 Bd7 15. 0-0 0-0-0 16. Nf3 gxf4 17. Bh4 Qc5+ 18. Kh1 Rdf8 19. Qg4 Rhg8 20. Qxf4 Bc6 21. Bf6 Bxf6 22. exf6 h5 23. Ne5 Nd7 24. Nxc6 Qxc6 25. h3 Rg6 26. Qh4 Qc5 27. Rf2 Qe5 28. Raf1 Kb8 29. c3 Rfg8 30. Bd1 Rg5 31. Rd2 Nc5 32. Bc2 b6 33. Qf4 Kc8 34. Qxe5 Rxe5 35. Rf4 Rg6 36. Kh2 Nd7 37. Rdf2 Reg5 38. Bd3 Ne5 39. Be2 Kb7 40. Rh4 Rh6 41. Kg1 Ng6 42. Rhf4 Nxf4 43. Rxf4 c6 44. Kf2 Kc7 45. b4 Kd6 46. h4 Rgg6 47. Kf3 Ke5 48. bxa5 bxa5 49. g3 Rxf6 50. Ke3 c5 51. Bf3 Rhg6 52. Rxf6 Kxf6 53. Kf2 Rh6 54. Ke3 Ke5 55. Be2 f5 56. exf5 Kxf5 57. Kd3 Ke5 58. Kc4 Kd6 59. Kb5 Rg6 60. Bxh5 Rxg3 61. Kxa5 Rh3 62. Be8 Rxh4 63. Kb6 Rc4 64. a5 Rxc3 65. a6 Ra3 66. Bb5 Kd5 67. a7 Rxa7 68. Kxa7 c4 69. Kb6 e5 70. Bc6+ Kd4 71. Kb5 c3 0-1

[Event "Moron Philidor CC 13th"]
[Site "Moron"]
[Date "2017.05.13"]
[Round "3.1"]
[White "Conde, Adrian"]
[Black "Perez Wertheim, Rodolfo"]
[Result "1/2-1/2"]
[WhiteElo "2094"]
[BlackElo "1912"]
[PlyCount "80"]
[EventDate "2017.05.09"]
[EventType "swiss"]
[EventRounds "7"]
[EventCountry "ARG"]
[SourceTitle "EXT 2024"]
[Source "ChessBase"]
[SourceDate "2023.10.10"]
[SourceVersion "1"]
[SourceVersionDate "2023.10.10"]
[SourceQuality "1"]

1. Nf3 Nf6 2. g3 g6 3. Bg2 Bg7 4. 0-0 d6 5. c4 0-0 6. Nc3 c5 7. d4 Nc6 8. d5 Na5 9. Nd2 a6 10. a4 Rb8 11. Qc2 Bd7 12. b3 b5 13. axb5 axb5 14. Bb2 Qb6 15. Nxb5 Bxb5 16. cxb5 Qxb5 17. Bc3 Nxb3 18. Rab1 c4 19. Bxf6 Bxf6 20. Qxc4 Qxc4 21. Nxc4 Rfc8 22. Ne3 Nd4 23. Bf3 Nxf3+ 24. exf3 Kg7 25. f4 h5 26. Kg2 Bd4 27. Kf3 f5 28. Rxb8 Rxb8 29. Rd1 Bc5 30. Rd2 Kf6 31. h3 Rb3 32. Rd1 Kf7 33. Ke2 Kf6 34. Rd2 e5 35. dxe6 Kxe6 36. Rd1 Rb2+ 37. Kf3 d5 38. Rxd5 Rxf2+ 39. Kxf2 Bxe3+ 40. Kxe3 Kxd5 1/2-1/2

[Event "American Continental 08th"]
[Site "Mar del Plata"]
[Date "2012.10.18"]
[Round "8"]
[White "Ferreira, Kleber Victor"]
[Black "Perez Wertheim, Rodolfo"]
[Result "1-0"]
[WhiteElo "2121"]
[BlackElo "2015"]
[PlyCount "135"]
[EventDate "2012.10.12"]
[EventType "swiss"]
[EventRounds "11"]
[EventCountry "ARG"]
[SourceTitle "EXT 2013"]
[Source "ChessBase"]
[SourceDate "2012.11.22"]
[SourceVersion "1"]
[SourceVersionDate "2012.11.22"]
[SourceQuality "1"]

1. e4 e5 2. Nc3 Nf6 3. Bc4 Nc6 4. d3 Bb4 5. Bg5 h6 6. Bh4 g5 7. Bg3 d6 8. Nge2 Be6 9. a3 Ba5 10. b4 Bb6 11. Nd5 Bxd5 12. exd5 Ne7 13. Bb5+ Kf8 14. c4 Nf5 15. h3 Nh5 16. Bh2 Qf6 17. 0-0 Rd8 18. Nc3 Nf4 19. Ne4 Qg6 20. c5 dxc5 21. bxc5 Ba5 22. Bc4 h5 23. Bxf4 gxf4 24. Kh1 Nh4 25. Rg1 f5 26. Nd2 e4 27. g3 Qf6 28. Nb3 Bc3 29. gxh4 Qxh4 30. Qf1 Bxa1 31. Nxa1 f3 32. dxe4 Re8 33. d6 cxd6 34. cxd6 Rxe4 35. d7 Rg4 36. Nc2 Rd4 37. Ne1 Rxd7 38. Nxf3 Qe4 39. Qg2 Qxc4 40. Ne5 Qd5 41. Ng6+ Kg7 42. Qxd5 Rxd5 43. Ne7+ Kf6 44. Nxd5+ Ke5 45. Ne7 Rd8 46. Ng6+ Ke4 47. Re1+ Kf3 48. Re3+ Kxf2 49. Rb3 b6 50. Nh4 Rd5 51. Rf3+ Ke2 52. Kg2 Kd2 53. Nxf5 Kc1 54. Kg3 Kb2 55. Kh4 a5 56. Kxh5 a4 57. Kg6 b5 58. h4 b4 59. axb4 a3 60. h5 Rb5 61. h6 Rxb4 62. h7 Rb6+ 63. Kf7 Rb8 64. Nd4 Ra8 65. Nb3 a2 66. Kg7 Ra3 67. h8Q Rxb3 68. Rxb3+ 1-0

[Event "American Continental 03rd"]
[Site "Buenos Aires"]
[Date "2005.08.15"]
[Round "10"]
[White "Leeuw, Pablo Gabriel"]
[Black "Perez Wertheim, Rodolfo"]
[Result "1/2-1/2"]
[WhiteElo "2088"]
[BlackElo "1999"]
[PlyCount "54"]
[EventDate "2005.08.06"]
[EventType "swiss"]
[EventRounds "11"]
[EventCountry "ARG"]
[SourceTitle "CBM 107 Extra"]
[Source "ChessBase"]
[SourceDate "2005.09.01"]
[SourceVersion "1"]
[SourceVersionDate "2005.09.01"]
[SourceQuality "1"]

1. e4 e5 2. Nf3 Nc6 3. Nc3 Nf6 4. Bb5 Bb4 5. 0-0 0-0 6. d3 d6 7. a3 Bxc3 8. bxc3 Ne7 9. Bg5 Ng6 10. Nh4 h6 11. Nxg6 fxg6 12. Bc4+ Kh8 13. Bh4 g5 14. Bg3 Qe8 15. f3 Nh5 16. d4 Bd7 17. dxe5 Nxg3 18. hxg3 Qxe5 19. Qd4 Qxg3 20. Qf2 Qf4 21. Rab1 b6 22. Bd3 Rf6 23. Rbe1 Raf8 24. e5 Re6 25. Re4 Qf5 26. Re3 Qf4 27. Re4 Qf5 1/2-1/2